LIBRARY & INFORMATION CENTRE, KCAET, TAVANUR

ONLINE PUBLIC ACCESS CATALOGUE (OPAC)

Gas tables: For compressible flow calculations / (Record no. 7258)

MARC details
000 -LEADER
fixed length control field 00605cam a2200241ua 4500
020 ## - INTERNATIONAL STANDARD BOOK NUMBER
ISBN 81 224 0251 8
041 ## - LANGUAGE CODE
Language code of text/sound track or separate title eng
082 ## - DEWEY DECIMAL CLASSIFICATION NUMBER
Classification number 533.0212
Item number YAH/GA
100 ## - MAIN ENTRY--AUTHOR NAME
Personal name Yahya, S M .
245 ## - TITLE STATEMENT
Title Gas tables: For compressible flow calculations /
250 ## - EDITION STATEMENT
Edition statement 3 /
260 ## - PUBLICATION, DISTRIBUTION, ETC. (IMPRINT)
Place of publication New Delhi :
Name of publisher Wiley Eastern Ltd ,
Year of publication 1994.
300 ## - PHYSICAL DESCRIPTION
Number of Pages 142 ; .
942 ## - ADDED ENTRY ELEMENTS (KOHA)
Koha item type Books
Holdings
Withdrawn status Lost status Damaged status Home library Current library Date acquired Full call number Accession Number Koha item type
      KAUAET KAUAET 07/04/2012 533.0212 YAH/GA 18730 Books
      KAUAET KAUAET 07/04/2012 533.0212 YAH/GA 18728 Books
      KAUAET KAUAET 07/04/2012 533.0212 YAH/GA 18726 Books
      KAUAET KAUAET 07/04/2012 533.0212 YAH/GA 18727 Books
      KAUAET KAUAET 07/04/2012 533.0212 YAH/GA 18725 Books
      KAUAET KAUAET 07/04/2012 533.0212 YAH/GA 18729 Books
free website counter